[Event "33rd ECCC Open 2017"]
[Site "Antalya"]
[Date "2017.10.12"]
[Round "3"]
[White "Abasov, Nijat"]
[Black "Valsecchi, Alessio"]
[Result "1-0"]
[WhiteElo "2587"]
[BlackElo "2508"]
[Annotator "TA"]
[PlyCount "65"]
[EventType "team-tourn"]
[EventCountry "TUR"]
[WhiteTeam "Odlar Yurdu"]
[BlackTeam "Padova"]

{[%evp 9,65,13,17,0,0,0,14,-2,0,-17,0,0,0,-6,7,0,0,-6,13,-2,2,-52,48,36,50,62,90,91,204,246,252,209,209,225,223,213,214,196,201,178,179,169,327,214,371,338,344,304,360,375,360,292,338,330,330,319,899,902]} 1. d4 Nf6 2. Bf4 g6 3. Nc3 d5 (3... Bg7 4. e4 d5 5. e5 Ne4 6. Na4 c5 7. c3 cxd4 8. f3 Nxc3 9. bxc3 Qa5 10. Qxd4 Nc6 11. Qd1 Nxe5 {0-1 (90) Bacrot,E (2708)-Vachier Lagrave,M (2796) Paris 2017}) 4. e3 c6 5. Be2 Bg7 6. h4 {A45: Trompowsky Attack} h5 7. Nf3 Nbd7 $146 ({Predecessor:} 7... Bf5 8. Ne5 Nbd7 9. O-O O-O 10. Na4 Nxe5 11. Bxe5 Nd7 12. Bxg7 Kxg7 {½-½ (27) Triapishko,O (2500)-Rakhmanov,A (2669) Sochi 2017}) 8. Ne5 {The position is equal.} Nxe5 9. Bxe5 Kf8 10. Qd2 b5 {[%cal Bb7b5,Bb5b4][%mdl 32]} 11. f3 a5 12. O-O-O Qb6 13. Bd3 a4 14. Ne2 b4 15. Nf4 (15. c3 $11) 15... c5 (15... Nd7 $15 16. Bxg7+ Kxg7) 16. Bxf6 $14 Qxf6 17. Nxd5 Qd6 {[#]} 18. dxc5 $1 Qe5 (18... Qxd5 $16 {might work better.} 19. Be4 {[#]} Bxb2+ $1 {[%mdl 512]} 20. Kxb2 Qxd2 21. Rxd2 Ra5) 19. Qxb4 $18 {Threatens to win with f4.} a3 20. Nb6 Qxb2+ 21. Qxb2 Bxb2+ 22. Kd2 Rb8 23. Bc4 Kg7 24. c3 Rb7 25. Kc2 Ra7 $2 (25... Rc7) 26. Bb3 g5 $2 (26... Rc7 27. Na4 Ba6) 27. hxg5 h4 28. Nc4 Rh5 29. Nxb2 axb2 30. Rd2 ({Don't do} 30. Kxb2 Rxg5 31. Rd2 Rc7 $18) 30... h3 31. g4 ({Much less strong is} 31. Kxb2 hxg2 32. Rg1 Bh3 $18) 31... Rxg5 32. Kxb2 f5 $2 (32... Rc7 33. Rxh3 Rgxc5) 33. Rd8 {Precision: White = 61%, Black = 24%.} 1-0

[Event "33rd ECCC Open 2017"]
[Site "Antalya"]
[Date "2017.10.12"]
[Round "3"]
[White "Tari, Aryan"]
[Black "Ding, Liren"]
[Result "0-1"]
[WhiteElo "2578"]
[BlackElo "2772"]
[Annotator "TA"]
[PlyCount "78"]
[EventType "team-tourn"]
[EventCountry "TUR"]
[WhiteTeam "Valerenga"]
[BlackTeam "Alkaloid"]

{[%evp 19,77,0,0,0,0,0,0,0,0,-10,-8,-13,0,0,0,-8,0,-12,-9,-26,-18,-39,-32,-27,-23,-70,-63,-52,-37,-74,-64,-74,-69,-59,-62,-52,-51,-86,-85,-164,-142,-881,-883,-854,-867,-856,-850,-821,-805,-745,-603,-1217,-1189,-29995,-29996,-29996,-29997,-29997,-29998,-29999]} 1. e4 c5 2. Nf3 d6 3. d4 cxd4 4. Nxd4 Nf6 5. Nc3 a6 6. Be2 e5 7. Nf3 Be7 8. Bg5 Be6 {B92: Sizilianisch (Najdorf-Variante mit 6.Le2)} (8... Nbd7 9. a4 O-O 10. Nd2 Nc5 11. Bxf6 Bxf6 12. Nc4 Be7 13. a5 Rb8 14. Nb6 Nd7 15. Ncd5 Nxb6 16. Nxb6 Be6 {1-0 (52) Vachier Lagrave,M (2791)-Nepomniachtchi,I (2742) Saint Louis 2017}) 9. Bxf6 Bxf6 10. Nd5 Nd7 {LiveBook: 3 Partien. Die Stellung ist ausgeglichen.} 11. O-O Rc8 12. Re1 O-O 13. c3 Be7 14. Bf1 $146 ({Vorgänger:} 14. Qd2 Nf6 15. Nxf6+ Bxf6 16. Bd1 {Beitia Amador Carrandi,E (2038)-Moriuchi,T (2301) San Sebastian 2005}) 14... Nf6 15. Qb3 Nxd5 16. exd5 Bg4 17. Nd2 Rb8 18. a4 Qa5 19. Qc4 {Schwarz muss nun b4 beachten.} Bh5 20. b4 Qd8 21. a5 f5 22. Qb3 e4 23. Nc4 Bf6 24. Rac1 Kh8 25. Nb6 Bg5 26. Rc2 Bg6 27. c4 f4 28. c5 {Weiss will c6 spielen.} e3 $36 {[%mdl 2048] Schwarz ist am Drücker.} 29. Bd3 (29. f3 $17) 29... Bh4 $19 30. Bxg6 $4 {[%mdl 8192]} (30. Rf1 $17 Bxf2+ 31. Rfxf2 exf2+ 32. Rxf2 Bxd3 33. Qxd3) 30... exf2+ 31. Rxf2 Bxf2+ 32. Kxf2 Qh4+ 33. Kf1 {[#]} f3 $1 {[%cal Rf3g2]} ({Weniger gut wäre} 33... hxg6 34. Qh3 $15) 34. gxf3 hxg6 35. c6 Rbe8 36. Re3 {[#]} Rxf3+ $1 {[%mdl 512] Schwarz setzt Matt.} 37. Rxf3 Re1+ 38. Kg2 Re2+ 39. Kf1 Qe1# {Precision: Weiß = 35%, Schwarz = 77%.} 0-1

[Event "33rd ECCC Open 2017"]
[Site "Antalya"]
[Date "2017.10.14"]
[Round "3"]
[White "Steingrimsson, Hedinn"]
[Black "Efimenko, Zahar"]
[Result "0-1"]
[WhiteElo "2576"]
[BlackElo "2636"]
[Annotator "TA"]
[PlyCount "100"]
[EventType "team-tourn"]
[EventCountry "TUR"]
[WhiteTeam "Fjolnir"]
[BlackTeam "Beer Sheva"]

{[%evp 18,100,48,20,42,49,51,0,0,4,2,2,0,0,0,-25,0,0,0,-28,-31,-27,0,0,0,0,0,0,40,43,34,30,60,-38,-47,-39,-24,-30,-20,-13,-26,-20,-13,-14,-6,-19,-19,-13,0,0,0,0,0,0,0,0,0,-32,-32,-32,-20,-23,-24,-103,-68,-187,-123,-179,-164,-29960,-554,-733,-624,-29970,-29972,-29936,-6203,-29974,-6195,-29983,-29984,-29984,-29985,-29985,-29986]} 1. d4 Nf6 2. c4 e6 3. Nf3 b6 4. g3 Bb7 5. Bg2 g6 6. O-O Bg7 7. Nc3 O-O 8. d5 {A50: Queen's Fianchetto Defence (1 d4 Nf6 2 c4 b6)} exd5 9. cxd5 Re8 10. Re1 {LiveBook: 6 Games. White is slightly better.} (10. Nd4 c5 11. dxc6 dxc6 12. Bf4 Nh5 13. Be3 Qd7 14. Nb3 Qe7 15. Qd2 Nd7 {0-1 (70) Inarkiev,E (2732)-Hou,Y (2658) Petropavlovsk Kamchatsky 2016}) 10... d6 11. Nd4 Nbd7 12. b4 $146 ({White should play} 12. Nc6 $14 Bxc6 13. dxc6) ({Predecessor:} 12. Nc6 Bxc6 13. dxc6 Nc5 14. Bg5 h6 15. Bxf6 Bxf6 {1-0 (52) Guerra Bastida,D (2397)-Matnadze,A (2422) Don Benito 2012}) 12... a5 $1 $11 {[%cal Ra5b4]} 13. b5 Nc5 14. Bb2 Ng4 15. e3 Ne5 16. Bf1 Ned3 17. Bxd3 {Be2 is the strong threat.} Bxd4 $1 18. Bf1 (18. Bxg6 $5 {[%cal Re3d4]} Bxc3 19. Bxh7+ $1 {[%mdl 512]} Kxh7 20. Qh5+ Kg7 21. Bxc3+ f6 22. Qg5+ Kf7 23. Qh5+ Kg7 24. Qg5+ Kf7 25. Qh5+ Kg7 $11) 18... Bg7 19. Rc1 Bc8 20. Na4 Bxb2 21. Nxb2 h5 22. Nd3 Qf6 23. Nxc5 bxc5 24. Rc4 Bf5 25. Bg2 (25. e4 $1 $14 Bg4 26. Qb3) 25... a4 $1 $15 26. Rxa4 Qc3 {aiming for ...Rxa4.} 27. Ra6 Bd3 28. Bf1 Rxa6 29. bxa6 Bxf1 30. Rxf1 $11 {[%mdl 4096] Endgame KQR-KQR} Qc4 31. Qb3 Qxa6 32. a4 Re4 33. Qb8+ Kg7 34. Qb2+ Kg8 35. Qb8+ $1 Kg7 36. Qb2+ Kh7 37. Qf6 Kg8 38. Qd8+ $1 Kg7 {Hoping for ...Qa5.} 39. Qxc7 Rxa4 40. Kg2 (40. h4 $11) 40... h4 41. Qd7 (41. h3 $1 $15) 41... Rb4 (41... Qc4 $1 $19 42. Kg1 Qe4) 42. h3 (42. Kg1 $17 {was worth a try.}) 42... hxg3 $19 43. Qc6 $2 (43. fxg3 $19 Qa2+ 44. Kg1 Qxd5 45. Qe7) 43... Rb6 (43... Qe2 $142 44. Qxd6 Rb1 $1 {[%mdl 512]} 45. Qe5+ Kh7 46. Qf6 Qxf1+ 47. Kxg3 Qg1+ 48. Kf3 Qh1+ 49. Kf4 Qxd5 50. e4 Qd7 51. Qc3 Rh1 52. Qb2 Rxh3 53. Qe5 Qd1 54. Qd5 Qf3+ 55. Ke5 Rh5+ 56. Kd6 Rxd5+ 57. exd5 c4 58. Kc6 c3 59. Kc5 c2 60. Kc6 c1=Q+ 61. Kd6 Qc8 62. Ke7 Qxd5 63. Kf6 Qce6#) 44. Qc7 Rb2 45. Qc6 {[#]} Qe2 $1 46. Qxd6 {[#]} Rb1 $1 {[%mdl 512]} 47. Qe5+ (47. Rxb1 Qxf2+) 47... Kh7 48. Qe7 Qxf1+ {Black mates.} 49. Kxg3 Qg1+ 50. Kf3 Qh1+ {Precision: White = 36%, Black = 67%.} 0-1

[Event "33rd ECCC Open 2017"]
[Site "Antalya"]
[Date "2017.10.11"]
[Round "3"]
[White "Goganov, Aleksey"]
[Black "Popov, Ivan"]
[Result "1/2-1/2"]
[WhiteElo "2571"]
[BlackElo "2609"]
[Annotator "TA"]
[PlyCount "55"]
[EventType "team-tourn"]
[EventCountry "TUR"]
[WhiteTeam "Mednyi Vsadnik"]
[BlackTeam "Legacy Square Capital"]

{[%evp 14,55,27,19,31,21,21,18,20,24,33,40,37,31,38,13,12,0,0,0,0,0,0,0,0,0,0,0,0,0,0,0,0,0,0,0,0,0,0,0,0,0,0,0]} 1. d4 e6 2. c4 Bb4+ 3. Bd2 Bxd2+ 4. Qxd2 Nf6 5. g3 O-O 6. Bg2 d5 7. Nf3 Nbd7 8. O-O c6 {E11: Bogo-Indian} 9. Ne5 Nxe5 10. dxe5 Nd7 11. f4 Qe7 12. cxd5 exd5 13. Nc3 {[%cal Bb1c3,Bc3e4,Be4d6][%mdl 32] [#]} f6 $146 ({Predecessor:} 13... Nb6 14. Qd4 Bf5 15. e4 dxe4 16. Nxe4 Bxe4 17. Qxe4 {½-½ (24) Berczes,D (2557)-Khenkin,I (2624) Rome 2011}) 14. e6 Qxe6 {The position is equal.} 15. e4 dxe4 16. Nxe4 Nb6 {[%cal Bd7b6,Bb6c4,Bc4d2][%mdl 32]} 17. Rfe1 Qf7 18. Nd6 Nc4 19. Nxf7 Nxd2 20. Nd6 {[#] And now Re2 would win.} Rd8 21. Nxc8 Raxc8 22. Re7 Rb8 23. Rae1 Kf8 24. Rc7 {[#] Ree7 is the strong threat.} Rdc8 $1 {[%cal Rc8c7]} 25. Rd7 {Black must now prevent Ree7.} Rd8 26. Rc7 {aiming for Ree7.} Rdc8 $1 {[%cal Rc8c7]} 27. Rd7 {Hoping for Ree7.} Rd8 28. Rc7 {Precision: White = 82%, Black = 73%.} 1/2-1/2

[Event "33rd ECCC Open 2017"]
[Site "Antalya"]
[Date "2017.10.12"]
[Round "3"]
[White "David, Alberto"]
[Black "Mamedov, Rauf"]
[Result "0-1"]
[WhiteElo "2569"]
[BlackElo "2678"]
[Annotator "TA"]
[PlyCount "74"]
[EventType "team-tourn"]
[EventCountry "TUR"]
[WhiteTeam "Padova"]
[BlackTeam "Odlar Yurdu"]

{[%evp 28,74,31,19,33,8,18,8,8,-10,6,0,8,0,0,-9,-6,-14,0,-87,-76,-83,-82,-75,-20,-25,-10,-31,-35,-35,-35,-52,-73,-50,-14,-21,-16,-17,0,0,0,-168,-141,-495,-477,-933,-933,-917,-910]} 1. e4 c5 2. Nf3 Nc6 3. Bb5 d6 4. O-O Bd7 5. Re1 Nf6 6. c3 a6 7. Bf1 Bg4 8. h3 Bxf3 9. Qxf3 g6 10. d3 Bg7 11. Be3 O-O {B51: Sicilian: Moscow Variation (3 Bb5+) without 3...Bd7} 12. Nd2 Nd7 {[%cal Bf6d7,Bd7b6,Bb6a4][%mdl 32]} 13. Qd1 b5 14. a3 Nb6 (14... e6 15. Nf3 Nce5 16. d4 Nxf3+ 17. Qxf3 Qc7 18. Qd1 Nb6 19. dxc5 dxc5 20. Qc2 c4 21. Rad1 Rfd8 22. Bg5 Rxd1 23. Rxd1 h6 24. Be3 {½-½ (24) Wang,H (2683)-Bu,X (2711) Ho Chi Minh City 2017}) 15. Nf3 {LiveBook: 3 Games} Rc8 16. Qe2 $146 ({Predecessor:} 16. Rc1 Na4 17. Qd2 Na5 18. Qc2 c4 19. d4 {½-½ (32) Lecha Gonzalez,J (2228)-Nita,C (2200) ICCF email 2013}) 16... Na4 17. d4 cxd4 18. cxd4 Na5 19. h4 Qd7 20. h5 Qg4 21. hxg6 hxg6 22. Rad1 Qxe4 23. Qd2 (23. Ng5 $1 $11 {keeps the balance.} Qf5 24. g4) 23... Nc4 $17 24. Bxc4 bxc4 25. Bg5 Qd5 ({Black should play} 25... Qc6 $17) 26. Bxe7 $11 Rfe8 27. Qc2 Nb6 28. Qd2 Qc6 29. d5 Qd7 30. Qg5 Qf5 31. Qxf5 ({Don't go for} 31. Bxd6 $2 Rxe1+ 32. Rxe1 Qxg5 $19) 31... gxf5 32. Nh4 Bxb2 33. Nxf5 c3 $36 {[%mdl 2048] [#] White must now prevent ...c2. Black has the initiative.} 34. Nxd6 $2 (34. Rd3 $11 {and White stays safe.} c2 35. Rg3+ Kh8 36. Rh3+ Kg8 37. Nh6+ Kg7 38. Nf5+ Kg8 39. Nh6+ Kg7 40. Nf5+ Kg8) 34... Rxe7 35. Nxc8 $4 {[%mdl 8192]} (35. Rxe7 $17 c2 36. Rde1) 35... Nxc8 $19 {Black is clearly winning.} 36. Rxe7 (36. Rc1 $142 Kg7 37. Red1) 36... Nxe7 37. d6 Nc6 {Precision: White = 24%, Black = 49%.} 0-1

[Event "33rd ECCC Open 2017"]
[Site "Antalya"]
[Date "2017.10.11"]
[Round "3"]
[White "Postny, Evgeny"]
[Black "Johannesson, Oliver"]
[Result "1-0"]
[WhiteElo "2569"]
[BlackElo "2273"]
[Annotator "TA"]
[PlyCount "77"]
[EventType "team-tourn"]
[EventCountry "TUR"]
[WhiteTeam "Beer Sheva"]
[BlackTeam "Fjolnir"]

{[%evp 24,77,34,43,56,45,62,55,91,82,98,89,90,15,14,0,93,78,77,61,119,122,105,52,37,42,63,52,54,45,44,46,76,31,49,44,91,95,379,375,385,362,360,368,372,365,460,460,460,460,457,449,462,424,545,545]} 1. d4 Nf6 2. c4 e6 3. Nf3 d5 4. g3 Be7 5. Bg2 O-O 6. O-O Nbd7 7. Qc2 c6 {[%cal Bc7c6,Bc6c5][%mdl 32]} 8. b3 b6 9. Rd1 Bb7 10. Nc3 c5 11. cxd5 {E08: Closed Catalan: Main Line: 7 Qc2} Nxd5 12. Nxd5 exd5 13. Bb2 {[#] LiveBook: 3 Games. White is slightly better.} Re8 $146 ({Predecessor:} 13... Rc8 14. Rac1 c4 15. bxc4 Rxc4 {1-0 (33) Pelletier,Y (2529)-Vaganian,R (2562) Biel 2017}) 14. Rac1 Nf8 15. dxc5 bxc5 16. Ne5 Ne6 17. Qd2 {[%cal Rg2d5]} Nc7 18. Nd3 (18. Nc4 $16) 18... Ne6 $11 19. Ne5 (19. b4 $11) 19... Nc7 $1 $16 20. e3 Bf8 21. Qa5 Re6 ({Black should play} 21... Qd6 $14) 22. Nd3 Ra6 23. Qd2 (23. Nxc5 $16 Rxa5 24. Nxb7) 23... Ne6 $14 24. a3 {[%cal Ba2a3,Ba3b4][%mdl 32]} Rb6 25. b4 cxb4 26. Nxb4 Bxb4 27. axb4 Qe7 28. Bc3 Rd8 29. Qa2 $36 {[%mdl 2048] White fights for an advantage.} Rb5 30. Bf1 d4 $2 {[%mdl 8192] [#]} (30... Rb6 $16) 31. Bxb5 $18 dxc3 32. Qxa7 Rxd1+ 33. Rxd1 c2 34. Rc1 Qd6 35. Qxb7 {White is clearly winning.} Qd1+ 36. Rxd1 cxd1=Q+ 37. Kg2 h5 38. Qa8+ Nf8 39. Bc4 {Precision: White = 49%, Black = 47%.} 1-0

[Event "33rd ECCC Open 2017"]
[Site "Antalya"]
[Date "2017.10.13"]
[Round "3"]
[White "Wagner, Dennis"]
[Black "Ashton, Adam G"]
[Result "1-0"]
[WhiteElo "2564"]
[BlackElo "2347"]
[Annotator "TA"]
[PlyCount "139"]
[EventType "team-tourn"]
[EventCountry "TUR"]
[WhiteTeam "Nice Alekhine"]
[BlackTeam "3CS Oldham"]

{[%evp 22,139,19,27,22,18,18,15,26,32,53,30,24,0,0,5,0,0,0,0,17,30,52,-8,96,71,190,201,198,192,187,71,67,75,87,85,91,28,49,4,0,0,0,0,0,0,84,55,83,68,50,0,0,0,0,0,166,169,318,315,406,383,337,218,424,303,205,0,408,382,657,660,639,629,597,200,560,398,376,356,597,595,715,535,787,602,869,883,817,824,794,794,768,771,655,667,531,410,1478,1491,1450,1403,1933,1716,1682,1418,12830,12831,12840,12842,12842,5585,5489,0,12841,12839,12838,12839,12838,12835]} 1. d4 d5 2. c4 e6 3. Nc3 Nf6 4. cxd5 exd5 5. Bg5 c6 6. e3 Be7 7. Bd3 Nbd7 8. Qc2 O-O 9. h3 Re8 10. Nf3 Nf8 11. g4 Be6 12. O-O-O {LiveBook: 46 Games} a5 {D36: Queen's Gambit Declined: Exchange Variation: Main line (5 Bg5 c6 6 Qc2)} 13. Kb1 a4 14. a3 $146 ({Predecessor:} 14. Bf4 a3 15. b3 Rc8 16. g5 Nh5 17. Be5 g6 18. h4 Nd7 19. e4 Qa5 20. Rc1 {0-1 (50) Javakhishvili,L (2486)-Sargissian,G (2687) Doha 2014}) 14... b5 {The position is equal.} 15. Na2 Qb6 16. Rc1 {And now Bxf6 would win.} Rac8 17. Bxf6 Bxf6 18. Nb4 $36 {[%mdl 2048] Black is under pressure.} Be7 19. Qd2 Nd7 20. Rc3 Bxb4 21. axb4 Qb7 22. Ng5 (22. Qc2 $14) 22... Nf6 (22... h6 $11 {remains equal.} 23. Bh7+ Kf8 24. Nxe6+ Rxe6) 23. Qc2 $16 {[%cal Rd3h7]} Ne4 (23... g6 $16 {was worth a try.}) 24. Bxe4 $18 (24. Nxe4 dxe4 25. Be2 (25. Bxe4 Bb3 $15) 25... Bd5 $15) 24... dxe4 25. Nxe6 ({Inferior is} 25. Nxe4 Bb3 $17) 25... Rxe6 26. d5 (26. Rc1 $18 {has better winning chances.}) 26... Rd6 $16 27. dxc6 Rdxc6 28. Qxe4 Qd7 29. Rxc6 (29. Rd3 $16 Qc7 30. Rhd1 Rc1+ 31. Ka2) 29... Rxc6 $11 30. Rc1 Rxc1+ $1 31. Kxc1 {[%mdl 4096] [#] Endgame Intending Qa8+ and mate. KQ-KQ} g6 32. g5 Qc7+ 33. Kd2 {Strongly threatening Qe8+.} Qd6+ (33... Qd8+ $11 34. Kc3 Qxg5) 34. Ke2 $16 {Black must now prevent Qe8+.} Qd7 35. h4 Qc8 $1 36. Qd4 Qc2+ 37. Kf3 Qf5+ 38. Kg3 Qc8 $2 (38... Qc2 $11) 39. Qd5 $18 Qc7+ (39... Qe8 $142 40. Kf4 Qb8+ 41. Kf3 Qe8) 40. Kf3 Qb6 41. Ke4 Qb8 42. Qc6 Kg7 $2 (42... h6 43. gxh6 Kh7) 43. Qf6+ Kg8 44. Qc6 $2 (44. Kd5) 44... Kg7 $1 45. Kd5 h5 $2 (45... Kg8 46. Qd7 Qf8 47. Qxb5 Qc8 48. Qxa4 Qf5+ 49. Kc4 Qxf2 50. Qe8+ Kg7) 46. Qf6+ Kg8 47. Kc5 Qe8 48. Qd4 $2 (48. Qd6 Qe4 49. Qd8+ (49. Kxb5 Qxh4 50. Qd8+ Kh7 $16) 49... Kh7 50. Qd5 (50. Kxb5 Qxh4 51. Qf6 Kg8 $16)) 48... Qb8 $2 (48... Qc8+ {is a better chance.} 49. Kxb5 Qe8+ 50. Kc4 Qc8+ 51. Kd3 Qc1) 49. Qd6 Qe8 50. Kb6 Kh7 $2 (50... Qe4 51. Qd4 (51. Kxb5 Qxh4 52. Qd8+ Kh7 $16) 51... Qf5) 51. Qd5 Qb8+ 52. Ka6 Kg8 53. Ka5 Qh2 54. Qd8+ Kh7 55. Qf6 Kg8 56. Qf4 Qh1 57. Kxb5 Qb7+ 58. Kc5 Qc8+ {[#]} 59. Kb6 $1 Qe6+ (59... Qd8+ $142 60. Qc7 Qd2) 60. Ka5 Qb3 61. Qd4 a3 62. bxa3 Qxa3+ 63. Kb6 Qb3 64. b5 Qe6+ 65. Kc7 Qe7+ 66. Kc6 (66. Kc8 $142 Qe6+ 67. Kc7) 66... Qe6+ 67. Kc7 (67. Kb7 $142 Qe7+ 68. Kc8 Qe6+ 69. Kd8) 67... Qe7+ 68. Qd7 {White is clearly winning.} Qc5+ 69. Qc6 Qe7+ 70. Kc8 {Precision: White = 55%, Black = 35%.} 1-0

[Event "33rd ECCC Open 2017"]
[Site "Antalya"]
[Date "2017.10.13"]
[Round "3"]
[White "Huzman, Alexander"]
[Black "Kjartansson, David"]
[Result "1-0"]
[WhiteElo "2549"]
[BlackElo "2386"]
[Annotator "TA"]
[PlyCount "119"]
[EventType "team-tourn"]
[EventCountry "TUR"]
[WhiteTeam "Beer Sheva"]
[BlackTeam "Fjolnir"]

{[%evp 15,119,0,0,-8,-7,-11,-4,-17,-13,-12,-10,-19,-13,-20,-12,-14,-12,-6,-18,-28,-8,-10,10,0,47,47,40,42,60,60,64,64,71,5,50,50,58,59,61,64,70,62,61,61,71,75,76,72,67,64,104,107,102,83,84,83,69,67,74,64,84,84,165,161,172,172,241,195,243,206,189,137,145,146,195,195,195,119,127,122,119,119,132,145,1514,1362,29973,29971,29975,29977,29979,29980,29980,29981,29981,29982,29982,29983,29983,29984,29984,29985,29985,29986,29988,29987]} 1. c4 Nf6 2. Nf3 e6 3. g3 d5 4. Bg2 d4 5. O-O Nc6 6. d3 Be7 {A13: English Opening: 1...e6} 7. Na3 O-O 8. Nc2 a5 {LiveBook: 9 Games. The position is equal.} 9. Rb1 e5 10. a3 a4 11. Nb4 $146 ({Predecessor:} 11. b4 axb3 12. Rxb3 Nd7 13. Nb4 Na5 14. Rb1 {1-0 (45) Gurevich,M (2634)-Dgebuadze,A (2537) Netherlands 2002}) 11... Nxb4 12. axb4 Bxb4 13. Nxe5 Re8 14. Nf3 c5 15. Ra1 Bd7 16. e4 dxe3 17. Bxe3 b5 18. Bf4 bxc4 19. Ne5 Ra6 20. Nxd7 Qxd7 21. dxc4 Qxd1 22. Rfxd1 h6 23. Bf3 Ne4 24. Rd3 (24. Rd5 $16) 24... Ng5 25. Bg4 Ne6 26. Be3 Rd8 27. Rxd8+ Nxd8 28. Rd1 Ne6 29. Rd7 Nd4 30. Rb7 a3 31. bxa3 Bxa3 32. Kg2 Ra8 33. h4 Rd8 34. Bf4 Bb4 35. Bh5 g6 36. Bf3 Nxf3 37. Kxf3 $14 {[%mdl 4096] Endgame KRB-KRB} h5 38. Be3 Rc8 {[#]} (38... Re8 $16) 39. Ke4 $1 $18 Kf8 40. Kd5 Ke8 (40... Rd8+ {was called for.} 41. Kc6 Ke8) 41. Bg5 Kf8 42. Bf6 Re8 43. f3 ({Better is} 43. Be5 $18) 43... Be1 {[#]} 44. g4 $1 ({Reject} 44. Kxc5 $6 Bxg3 45. Rd7 Be5 $11) 44... hxg4 45. fxg4 Bf2 46. Rd7 (46. Rb2 $18 Bg1 47. h5) 46... Ra8 $16 47. h5 gxh5 48. gxh5 Be3 49. Ke4 Re8+ $2 {[%mdl 8192] [#]} (49... Bc1 $16 50. Rd1 Re8+ 51. Kf3 Bh6) 50. Be7+ $1 $18 {[%mdl 512]} Rxe7+ 51. Rxe7 {White mates.} Kxe7 52. Kxe3 {KPP-KPP} f5 53. Kf4 Kf6 54. h6 Kg6 {[#]} 55. h7 $1 {[%mdl 512]} Kxh7 56. Kxf5 Kg7 57. Ke6 Kf8 58. Kd6 Ke8 59. Kxc5 Kd8 60. Kc6 {Precision: White = 78%, Black = 44%.} 1-0

[Event "33rd ECCC Open 2017"]
[Site "Antalya"]
[Date "2017.10.11"]
[Round "3"]
[White "Dvirnyy, Danyyil"]
[Black "Safarli, Eltaj"]
[Result "1/2-1/2"]
[WhiteElo "2542"]
[BlackElo "2632"]
[Annotator "TA"]
[PlyCount "106"]
[EventType "team-tourn"]
[EventCountry "TUR"]
[WhiteTeam "Padova"]
[BlackTeam "Odlar Yurdu"]

{[%evp 17,106,21,15,18,58,58,53,51,67,71,72,66,54,20,38,0,83,91,102,102,144,145,157,169,177,168,175,170,179,179,212,206,242,215,358,360,368,364,367,362,370,354,352,234,226,226,314,319,327,318,324,262,294,292,347,342,427,426,431,436,577,514,492,407,444,252,600,585,592,0,275,0,0,0,0,0,0,0,0,0,0,0,0,0,0,0,0,0,0,0,0]} 1. d4 Nf6 2. c4 e6 3. Nf3 b6 4. g3 Ba6 5. b3 Bb7 6. Bg2 Bb4+ 7. Bd2 a5 8. O-O O-O 9. Qc2 d6 10. Re1 {E15: Queen's Indian: 4 g3 sidelines, 4 g3 Ba6 and 4 g3 Bb7 early deviations} (10. Nc3 Nbd7 11. Ne1 Bxg2 12. Nxg2 e5 13. a3 exd4 14. axb4 dxc3 15. Bxc3 axb4 16. Bxb4 Re8 17. Ne3 Ne5 18. Nd5 Rxa1 19. Rxa1 Nxd5 20. cxd5 Ng6 21. Ra7 {1-0 (21) Granda Zuniga,J (2644)-Milos,G (2567) Florianopolis 2017}) 10... Nbd7 11. e4 e5 12. Nc3 $146 {White is slightly better.} ({Predecessor:} 12. a3 Bxd2 13. Nbxd2 exd4 14. Nxd4 Re8 15. h3 Nc5 16. Re3 Qd7 17. Rae1 Ne6 {1-0 (35) Hulak,K (2541)-Iotov,V (2420) Kusadasi 2006}) 12... exd4 13. Nxd4 Bc5 14. Nf5 Ng4 15. Ne3 Nde5 16. h3 Nf6 (16... Nxf2 $11 {keeps the balance.} 17. Kxf2 b5) 17. Rad1 $16 Re8 18. Na4 Bb4 19. Bxb4 axb4 20. f4 Ng6 {[%cal Rb7e4]} 21. e5 $1 Bxg2 22. Qxg2 Nd7 23. exd6 cxd6 24. Rxd6 {Nxb6! is the strong threat.} Qe7 25. Rd2 Rad8 (25... Nf6 $142 26. Nxb6 Rad8) 26. Nc2 $18 Qf8 27. Rxe8 Qxe8 28. Qe2 Ne7 29. Nxb4 Nf6 30. Nc3 Rxd2 31. Qxd2 Nf5 32. g4 {[%cal Bg3g4,Bg4g5][%mdl 32]} Nh4 33. Qf2 Ng6 34. Nd3 h5 35. g5 Qd7 36. Qe3 ({Not} 36. gxf6 Qxd3 37. Nd5 Qxh3 $16) 36... Ne8 37. Nd5 Nd6 38. Nxb6 Qa7 39. a4 Qb7 40. a5 Nf5 41. Qf2 (41. Qe2 $142) 41... Kh7 $2 (41... h4 42. Kh2 Kh7) 42. Nc5 Qc7 43. Nd3 $2 ({Only move:} 43. b4 $18) 43... Qd8 $2 {[%mdl 8192] [#]} (43... Qb7 $1 $11 {and Black has nothing to worry.}) 44. a6 $2 ({White has to play} 44. Ne1 $1 $18) 44... Qxd3 $11 {The position is equal.} 45. a7 Nd4 {aiming for ...Nxf4!} 46. a8=Q Nxf4 $1 47. Qf1 {Black must now prevent Qxd3+.} Nde2+ 48. Kh2 Qg3+ $1 49. Kh1 Qe3 50. Kh2 Qg3+ $1 51. Kh1 Qe3 {[#] ( -> ...Ng3+)} 52. Kh2 Qg3+ $1 53. Kh1 Qe3 {Precision: White = 69%, Black = 44%.} 1/2-1/2

[Event "33rd ECCC Open 2017"]
[Site "Antalya"]
[Date "2017.10.12"]
[Round "3"]
[White "Palac, Mladen"]
[Black "Walton, Alan J"]
[Result "1-0"]
[WhiteElo "2540"]
[BlackElo "2207"]
[Annotator "TA"]
[PlyCount "47"]
[EventType "team-tourn"]
[EventCountry "TUR"]
[WhiteTeam "Nice Alekhine"]
[BlackTeam "3CS Oldham"]

{[%evp 16,47,59,51,82,62,94,76,101,100,103,59,75,56,89,83,112,92,211,89,95,91,132,139,177,191,208,166,320,295,335,335,371,356]} 1. Nf3 f5 2. g3 Nf6 3. Bg2 d6 4. d4 e6 5. O-O Be7 6. c4 O-O 7. b3 Qe8 8. Bb2 Qh5 9. Nc3 {LiveBook: 21 Games} a6 {A99: Classical Dutch: Fluid Systems: 7 Nc3 Qe8 8 b3} (9... c6 10. Qc2 d5 11. a4 a5 12. Ba3 Bxa3 13. Rxa3 Na6 14. Raa1 Nb4 15. Qb2 Bd7 16. Na2 Nxa2 17. Qxa2 g5 {1-0 (29) Jakovenko,D (2714)-Glek,I (2377) Moscow 2016}) 10. Re1 $146 ({Predecessor:} 10. Ne1 Nc6 11. e4 Qxd1 12. Rxd1 fxe4 13. Nxe4 Nxe4 14. Bxe4 Bf6 15. f4 Bd7 16. Nf3 {½-½ (51) Andreasen,J (1995)-Nielsen,T (2109) Faroe Islands 2013}) 10... Nc6 11. d5 Nd8 {White is better.} 12. dxe6 $1 Nxe6 13. Nd5 Bd8 14. Nd4 {Nxe6 is the strong threat.} Ng5 ({But not} 14... Ng4 $2 15. h3 $18) 15. Nf4 Qf7 16. Qc2 g6 {[#]} (16... Nge4 $16) 17. b4 (17. e4 $1 $18 {[%cal Re4f5]} Nfxe4 18. h4 (18. Bxe4 fxe4 19. h4 Nh3+ 20. Nxh3 Bxh3 $15)) 17... c6 $16 18. a4 a5 {[#]} 19. b5 $1 c5 20. Nb3 Ne6 21. Nd5 Nxd5 $2 (21... Rb8 {is a better defense.} 22. Qc3 b6) 22. Bxd5 $18 ({Weaker is} 22. cxd5 Ng7 $16) 22... Bf6 23. e4 {[%cal Be2e4,Be4e5][%mdl 32]} f4 24. e5 {Precision: White = 63%, Black = 23%.} 1-0